Detalles MARC
| 000 -CABECERA |
| campo de control de longitud fija |
01756nam a2200241 a 4500 |
| 001 - NÚMERO DE CONTROL |
| campo de control |
000041844 |
| 005 - FECHA Y HORA DE LA ÚLTIMA TRANSACCIÓN |
| campo de control |
20201002035804.0 |
| 008 - DATOS DE LONGITUD FIJA--INFORMACIÓN GENERAL |
| campo de control de longitud fija |
131029s1988 sp c 001 0 spa d |
| 020 ## - NÚMERO INTERNACIONAL ESTÁNDAR DEL LIBRO |
| Número Internacional Estándar del Libro |
8400067452 |
| 040 ## - FUENTE DE LA CATALOGACIÓN |
| Centro catalogador/agencia de origen |
DO-SdBNP |
| Lengua de catalogación |
spa |
| Centro/agencia transcriptor |
BNPHU |
| 100 1# - ENTRADA PRINCIPAL--NOMBRE DE PERSONA |
| Nombre de persona |
Orfila y Rotger, Mateo |
| Fechas asociadas al nombre |
1787-1853 |
| 9 (RLIN) |
68725 |
| 245 13 - MENCIÓN DE TÍTULO |
| Título |
Orfila, saber y poder médico / |
| Mención de responsabilidad, etc. |
edición de Rafael Huertas García-Alejo. |
| 260 ## - PUBLICACIÓN, DISTRIBUCIÓN, ETC. |
| Lugar de publicación, distribución, etc. |
Madrid : |
| Nombre del editor, distribuidor, etc. |
Consejo Superior de Investigaciones Científicas, |
| Fecha de publicación, distribución, etc. |
1988. |
| 300 ## - DESCRIPCIÓN FÍSICA |
| Extensión |
456 p. ; : |
| Otras características físicas |
il., retrs ; |
| Dimensiones |
23 cm. |
| 490 1# - MENCIÓN DE SERIE |
| Mención de serie |
Estudios sobre la ciencia ; |
| Designación de volumen o secuencia |
2 |
| 500 ## - NOTA GENERAL |
| Nota general |
Incluye índice |
| 500 ## - NOTA GENERAL |
| Nota general |
Editado con la ayuda de la Secretaría de Estado de Educación del MEC, dentro del programa de "Carlos III y la Ilustración (1789-1989)" |
| 505 2# - NOTA DE CONTENIDO CON FORMATO |
| Nota de contenido con formato |
El hombre -- |
| Título |
Las limitaciones de una biografía -- |
| -- |
Un breve pasado naútico -- |
| -- |
Estudiante en Valencia -- |
| -- |
Barcelona, la Junta de Comercio y París ; Orfila, hombre público -- |
| -- |
Los saberes médicos -- |
| -- |
La medicina legal como punto de partida -- |
| -- |
De la experimentación fisio-farmacológica a la toxicología ; Orfila, químico y toxicólogo-- |
| -- |
El caso Lafarge -- |
| -- |
Débiles de espíritu, imbéciles e idiotas -- |
| -- |
La monomanía en el banquillo de los acusados -- |
| -- |
El poder médico -- |
| -- |
La Facultad de medicina, antesala del poder -- |
| -- |
Medicina y política-- |
| -- |
El poder absoluto del señor decano: reformas y control social -- |
| -- |
Antología de textos -- |
| -- |
Toxicología -- |
| -- |
Química médica -- |
| -- |
Medicina legal -- |
| -- |
Enfermedades mentales |
| 504 ## - NOTA DE BIBLIOGRAFÍA, ETC. |
| Nota de bibliografía, etc. |
Incluye referencias bibliográficas y notas al pie de las páginas |
| 700 1# - PUNTO DE ACCESO ADICIONAL--NOMBRE DE PERSONA |
| Nombre de persona |
Huertas García-Alejo, Rafael |
| Término indicativo de función/relación |
ed. |
| 9 (RLIN) |
14899 |
| 710 2# - PUNTO DE ACCESO ADICIONAL--NOMBRE DE ENTIDAD CORPORATIVA |
| Nombre de entidad corporativa o nombre de jurisdicción como elemento de entrada |
Consejo Superior de Investigaciones Científicas (España) |
| 9 (RLIN) |
15178 |
| 830 #0 - PUNTO DE ACCESO ADICIONAL DE SERIE-TÍTULO UNIFORME |
| Título uniforme |
Estudios sobre la ciencia |
| Designación de volumen o secuencia |
2 |
| 9 (RLIN) |
38739 |